00707 a2200193 4500999001500000010001400015020002600029035001300055037001500068082001200083100002300095245005400118260004400172270011400216300002000330500001900350942003100369952011300400 c4823d4823 aENG-86576 a9788124112656c295.00 aEN-70109 bDBAD / PUB14a303.482 aJahanbegloo, Ramin1 aThe clash of intolerances /cby Ramin Jahanbegloo aNew DelhibHar-Anand Publicationsc2007 aE-49/3, Okhla Industrial Area, Phase-II,bNew Delhie110 020k41603490l011-41708607mharanand@rediffmail.com a156pc21cm (Hb) aIncludes index adplcEN2ddch303.482mJAH 001040718NFICaDBADbDBADeDBAD/PUBg295.00l0o303.482 JAHpEN-70109r2008-09-15 00:00:00t1v295.00yEN